Códice Mendieta (Record no. 44998)

MARC details
000 -LEADER
campo de control de longitud fija 00855nam a2200217 i 4500
001 - NÚMERO DE CONTROL
campo de control 44998
003 - IDENTIFICADOR DE NÚMERO DE CONTROL
campo de control ES-MaACL
005 - FECHA Y HORA DE LA ÚLTIMA TRANSACCIÓN
campo de control 20250801063023.0
007 - CAMPO FIJO DE DESCRIPCIÓN FÍSICA--INFORMACIÓN GENERAL
campo de control de longitud fija t|
008 - DATOS DE LONGITUD FIJA--INFORMACIÓN GENERAL
campo de control de longitud fija 030324s1892 mx ||||1| spa d
100 1# - ENTRADA PRINCIPAL--NOMBRE DE PERSONA
Nombre de persona Mendieta, Jerónimo de,
Fechas asociadas al nombre 1525-1604
9 (RLIN) 158203
245 10 - MENCIÓN DEL TÍTULO
Título Códice Mendieta
Resto del título : documentos franciscanos siglos XVI y XVII /
Mención de responsabilidad, etc. ditados por Joaquín García Icazbalceta.
260 ## - PUBLICACIÓN, DISTRIBUCIÓN, ETC.
Lugar de publicación, distribución, etc. México :
Nombre del editor, distribuidor, etc. Imp. Francisco Díaz de León,
Fecha de publicación, distribución, etc. 1892.
300 ## - DESCRIPCIÓN FÍSICA
Extensión 280 p. ;
Dimensiones 22 cm.
490 1# - MENCIÓN DE SERIE
Mención de serie Nueva colección de documentos para la historia de México ;
Designación de volumen o secuencia 4
610 24 - PUNTO DE ACCESO ADICIONAL DE MATERIA--NOMBRE DE ENTIDAD CORPORATIVA
Nombre de entidad corporativa o nombre de jurisdicción como elemento de entrada Franciscanos-
Subdivisión geográfica México-
Subdivisión de forma Historia-
-- Fuentes.
9 (RLIN) 158204
700 1# - ENTRADA AGREGADA--NOMBRE PERSONAL
Nombre de persona García Icazbalceta, Joaquín (
Fechas asociadas al nombre 1825-1894)
9 (RLIN) 54786
830 0# - PUNTO DE ACCESO ADICIONAL DE SERIE-TÍTULO UNIFORME
Título uniforme Nueva colección de documentos para la historia de México ;
Designación de volumen o secuencia 4
9 (RLIN) 182043
852 ## - LOCALIZACIÓN
Ubicación ES-MaACL
Número de control de estantería B-5361
Holdings
Estatus retirado Estado de pérdida Estado de daño No para préstamo Colección Biblioteca de origen Biblioteca actual Ubicación en estantería Fecha de adquisición Fuente de adquisición Total de préstamos Signatura topográfica completa Código de barras Visto por última vez Precio de reemplazo Tipo de ítem Koha
        Libros del s. XIX Biblioteca del Ateneo de Madrid Biblioteca del Ateneo de Madrid Sala Pardo Bazán 17/01/2008     B-5361 1047358 23/02/2023 23/02/2023 Libro impreso antiguo